000 00533nam a22002057a 4500
003 OSt
005 20140310182257.0
008 121116t xxu||||| |||| 00| 0 eng d
020 _a0440940001
050 _aPZ 7
_b.Od237 1960
082 _aFIC
_bOd2i 1960
100 _aO'Dell, Scott
_920441
245 _aIsland of the blue dolphins /
_cScott O'Dell.
260 _aNew York :
_bBantam Doubleday Dell,
_c1960.
300 _a197 p. :
_c17 cm
562 _e1
650 _aFiction.
_9746
942 _2lcc
_cBK-FIC
999 _c11507
_d11507